000 00258nam a2200109Ia 4500
005 20251222114347.0
008 251222s1900||||xx |||||||||||||| ||spa||
082 _aDVD0070/G66/2002
245 0 _aDomingo sangriento
264 _bParamount Classics
942 _cDVD
999 _c1068
_d1068